| 000 | 01391nam a22003374a 4500 | ||
|---|---|---|---|
| 001 | ebr10202553 | ||
| 003 | CaPaEBR | ||
| 006 | m u | ||
| 007 | cr cn||||||||| | ||
| 008 | 060517r20061991mnua sb s001 0 eng | ||
| 010 | _z 2006015938 | ||
| 015 |
_aGBA674922 _2bnb |
||
| 016 | 7 |
_z013542049 _2Uk |
|
| 020 | _z0816649707 (pbk. : alk. paper) | ||
| 020 | _z9780816649709 (pbk. : alk. paper) | ||
| 040 |
_aCaPaEBR _cCaPaEBR |
||
| 035 | _a(OCoLC)647686442 | ||
| 050 | 1 | 4 |
_aPN1995 _b.C63 2006eb |
| 082 | 0 | 4 |
_a791.4309 _222 |
| 100 | 1 | _aConley, Tom. | |
| 245 | 1 | 0 |
_aFilm hieroglyphs _h[electronic resource] : _bruptures in classical cinema / _cTom Conley, with a new Introduction. |
| 260 |
_aMinneapolis : _bUniversity of Minnesota Press, _cc2006. |
||
| 300 |
_axix, 252 p. : _bill. |
||
| 500 | _aOriginally published: Minneapolis : University of Minnesota Press, 1991. | ||
| 504 | _aIncludes bibliographical references (p. 217-241) and index. | ||
| 533 |
_aElectronic reproduction. _bPalo Alto, Calif. : _cebrary, _d2013. _nAvailable via World Wide Web. _nAccess may be limited to ebrary affiliated libraries. |
||
| 650 | 0 |
_aMotion picture plays _xHistory and criticism. |
|
| 655 | 7 |
_aElectronic books. _2local |
|
| 710 | 2 | _aebrary, Inc. | |
| 856 | 4 | 0 |
_uhttp://site.ebrary.com/lib/rucke/Doc?id=10202553 _zAn electronic book accessible through the World Wide Web; click to view |
| 999 |
_c119032 _d119032 |
||